Dieux de la mythologie nordique - Statistiques

Statistiques générales
  • Ce quiz a été pris 5 468 fois
  • Le résultat moyen est 7 sur 20
Statistiques - réponses
Description Nom % Correct
Dieu du tonnerre Thor
98%
Chef des Ases et créateur des hommes Odin
96%
Dieu du feu, de l'air, de la discorde et de la sournoiserie Loki
89%
Dieu de la vie et de la fécondité Freyr
61%
Déesse de la beauté et de l'amour, de l’érotisme Freyja
50%
Dieu de la lumière et de la beauté Baldr
47%
Déesse des morts sans héroïsme Hel
45%
Protecteur d'Ásgard et des hommes, gardien du Bifröst Heimdall
41%
Déesse du Soleil, sœur de Máni Sól
35%
Dieu de la lune, frère de Sól Máni
33%
Dieu de la guerre et de la justice Týr
32%
Déesse de l'amour, protectrice du mariage et de la maternité Frigg
19%
Dieu de l'abondance, du vent et de la mer Njörd
10%
Dieu de la poésie Bragi
7%
Dieu de la justice Forseti
4%
Déesse de la joie et la paix, femme de Baldr Nanna
4%
Déesse de la nuit Nótt
3%
Dieu messager Hermód
2%
Fille d'Odin, déesse de la poésie Sága
2%
Dieu des chefs de cuisine Andhrímnir
1%
Aucun quiz correspondant
Distribution des résultats
% des personnes avec chaque résultat
Percentile par nombre de réponses
Votre historique - résultats
Vous n’avez pas pris ce quiz